[Event "CN Seniori 2012"]
[Site "Sarata Monteoru/Romania"]
[Date "2012.02.20"]
[Round "10.41"]
[White "Acsinte, Matei-Ionut"]
[Black "Tudose, Cristian"]
[Result "1/2-1/2"]
[WhiteElo "1997"]
[BlackElo "1854"]
[PlyCount "61"]
[EventDate "2012.??.??"]

1. e4 c5 2. Nc3 Nc6 3. g4 h5 4. gxh5 Nf6 5. Bg2 Nxh5 6. Nge2 e6 7. d3 a6 8. Ng3
g6 9. Be3 Qa5 10. O-O Bg7 11. f4 Nxg3 12. hxg3 d6 13. e5 d5 14. Ne2 Bd7 15. d4
Nxd4 16. Nxd4 cxd4 17. Qxd4 Rc8 18. c3 Bf8 19. Rfd1 Bc5 20. Qd2 Qb6 21. Bxc5
Qxc5+ 22. Qd4 Ke7 23. Rac1 a5 24. Qxc5+ Rxc5 25. Rd4 Rhc8 26. Rcd1 R8c7 27. Kf2
Bb5 28. Bf1 Bxf1 29. Rxf1 Rc4 30. Rxc4 Rxc4 31. Ke3 1/2-1/2

[Event "CN Seniori 2012"]
[Site "Sarata Monteoru/Romania"]
[Date "2012.02.20"]
[Round "10.42"]
[White "Coman, Liviu"]
[Black "David, Alexandru-Vasile"]
[Result "0-1"]
[WhiteElo "1794"]
[BlackElo "1968"]
[PlyCount "86"]
[EventDate "2012.??.??"]

1. e4 c5 2. Nc3 Nc6 3. f4 g6 4. Nf3 Bg7 5. g3 d6 6. Bg2 e6 7. d3 Nge7 8. O-O
O-O 9. Rb1 Rb8 10. Be3 b6 11. Qd2 d5 12. exd5 exd5 13. Bf2 Be6 14. d4 Nf5 15.
Ne2 Qd6 16. c3 h5 17. Rbe1 c4 18. Kh1 b5 19. a3 a5 20. Ne5 b4 21. axb4 axb4 22.
Ra1 Ra8 23. Nxc6 Qxc6 24. cxb4 Nd6 25. Ra5 Ne4 26. Bxe4 dxe4 27. Be3 Bg4 28.
Rfa1 Bf3+ 29. Kg1 Rad8 30. Rc5 Qe6 31. Nc3 h4 32. Qf2 hxg3 33. hxg3 Rxd4 34.
Kh2 Rd3 35. b5 Rfd8 36. Rg5 Bf6 37. f5 Kg7 38. Rxg6+ fxg6 39. Bh6+ Kxh6 40.
fxe6 Rd2 41. Rf1 Kg7 42. g4 Rh8+ 43. Kg3 Be5# 0-1

[Event "CN Seniori 2012"]
[Site "Sarata Monteoru"]
[Date "2012.02.20"]
[Round "10.43"]
[White "Fugulyan, Grigore"]
[Black "Baciu, Radu-George"]
[Result "1-0"]
[WhiteElo "1958"]
[BlackElo "1767"]
[PlyCount "107"]
[EventDate "2012.02.13"]

1. d4 Nf6 2. c4 e5 3. dxe5 Ng4 4. e4 Nxe5 5. Nf3 Bb4+ 6. Nc3 Bxc3+ 7. bxc3
Nxf3+ 8. Qxf3 d6 9. Qg3 O-O 10. c5 dxc5 11. Bf4 Re8 12. Bd3 Nd7 13. O-O Nf6 14.
Bxc7 Nh5 15. Qd6 Qxd6 16. Bxd6 Rd8 17. e5 Nf4 18. Bc4 Be6 19. Bxe6 Nxe6 20. f4
Re8 21. h4 g6 22. g4 Rac8 23. f5 Nf8 24. Rae1 Rc6 25. Rd1 Nd7 26. Rfe1 Nb6 27.
f6 Nc8 28. Kf2 h6 29. Re3 Rd8 30. Red3 Re8 31. Kf3 Re6 32. Bb8 Kf8 33. Kf4 Re8
34. Rd7 b5 35. Bxa7 Nxa7 36. Rxa7 Kg8 37. Rdd7 Rf8 38. Rab7 Ra6 39. Rxb5 Rxa2
40. Rxc5 Ra4+ 41. c4 Ra1 42. Rcc7 Re1 43. c5 Rc1 44. e6 Ra8 45. Rxf7 Ra4+ 46.
Ke5 Re1+ 47. Kd6 Ra6+ 48. c6 Rd1+ 49. Kc5 Rc1+ 50. Kb5 Ra8 51. Rg7+ Kh8 52.
Rh7+ Kg8 53. Rcg7+ Kf8 54. Rh8# 1-0

[Event "CN Seniori 2012"]
[Site "Sarata Monteoru/Romania"]
[Date "2012.02.20"]
[Round "10.45"]
[White "Mongescu, Lucian"]
[Black "Gavrilescu, David"]
[Result "1/2-1/2"]
[WhiteElo "1984"]
[BlackElo "1800"]
[PlyCount "68"]
[EventDate "2012.??.??"]

1. e4 c5 2. Nf3 Nc6 3. d4 cxd4 4. Nxd4 g6 5. Nc3 Bg7 6. Be3 Nf6 7. Be2 O-O 8.
O-O d6 9. Qd2 Ng4 10. Bxg4 Bxg4 11. f3 Bd7 12. Rfd1 Ne5 13. b3 Rc8 14. Nd5 Be6
15. c4 a6 16. Rac1 Bxd5 17. cxd5 Qd7 18. h3 Rxc1 19. Rxc1 Rc8 20. f4 Rxc1+ 21.
Qxc1 Nd3 22. Qc4 Nc5 23. Qc2 Bxd4 24. Bxd4 Qb5 25. Bxc5 dxc5 26. Qc4 Qa5 27.
Qe2 Qc3 28. Kf2 Qd4+ 29. Kf3 Qc3+ 30. Kf2 Qd4+ 31. Qe3 Qb2+ 32. Qe2 Qd4+ 33.
Kf3 Qc3+ 34. Kf2 Qd4+ 1/2-1/2

[Event "CN Seniori 2012"]
[Site "Sarata Monteoru/Romania"]
[Date "2012.02.20"]
[Round "10.47"]
[White "Porfireanu, Serban"]
[Black "Vacar, Gligore"]
[Result "1/2-1/2"]
[WhiteElo "1927"]
[BlackElo "1788"]
[PlyCount "94"]
[EventDate "2012.??.??"]

1. Nf3 b6 2. g3 Bb7 3. Bg2 g6 4. c4 Bg7 5. O-O Nf6 6. Nc3 a6 7. Re1 O-O 8. e4
d6 9. d4 Nbd7 10. h3 Rb8 11. a4 Ba8 12. Bg5 h6 13. Bd2 Nh7 14. Qc2 c5 15. d5
Ne5 16. Nxe5 dxe5 17. f4 exf4 18. Bxf4 Rc8 19. Rad1 Bd4+ 20. Be3 Be5 21. Bxh6
Bxg3 22. Re3 Be5 23. Bxf8 Bd4 24. Bh6 g5 25. Qf2 Qd6 26. Ne2 Bxe3 27. Qxe3 Qxh6
28. Ng3 Re8 29. e5 Bb7 30. Rf1 Bc8 31. Ne4 f5 32. exf6 exf6 33. Nxf6+ Nxf6 34.
Rxf6 Rxe3 35. Rxh6 Rb3 36. Rg6+ Kf7 37. Rxg5 Bxh3 38. d6 Bd7 39. Bd5+ Kf6 40.
Rg2 Bxa4 41. Re2 Bd7 42. Kf1 a5 43. Ke1 a4 44. Re7 Bg4 45. Bc6 Rxb2 46. Bxa4
Rb1+ 47. Kd2 Ra1 1/2-1/2

[Event "CN Seniori 2012"]
[Site "Sarata Monteoru/Romania"]
[Date "2012.02.20"]
[Round "10.48"]
[White "Soare, Flavius-Alexandru"]
[Black "Bratu, Gheorghe"]
[Result "0-1"]
[WhiteElo "1668"]
[BlackElo "1876"]
[PlyCount "94"]
[EventDate "2012.??.??"]

1. e4 c5 2. Nf3 e6 3. d4 cxd4 4. Nxd4 Nf6 5. Nc3 d6 6. Bb5+ Bd7 7. Bxd7+ Nbxd7
8. Bg5 a6 9. O-O Be7 10. Be3 O-O 11. Re1 Rc8 12. Qd2 Ne5 13. f3 Nc4 14. Qc1 Qc7
15. Nd1 Nxe3 16. Nxe3 Rfd8 17. c3 d5 18. exd5 Nxd5 19. Nxd5 Rxd5 20. Nb3 Rcd8
21. Qe3 a5 22. f4 a4 23. Nd4 Bc5 24. Rad1 Qb6 25. Rd2 Rxd4 26. cxd4 Bxd4 27.
Rxd4 Qxd4 28. Qxd4 Rxd4 29. f5 Rd6 30. fxe6 fxe6 31. Kf2 Rd2+ 32. Re2 Rxe2+ 33.
Kxe2 Kf7 34. Kd3 e5 35. Kc4 Ke6 36. g4 Kd6 37. Kc3 Kc5 38. Kd3 Kd5 39. Ke3 g5
40. Kd3 e4+ 41. Ke3 Ke5 42. b3 axb3 43. axb3 Kd5 44. Ke2 Kd4 45. Kd2 e3+ 46.
Ke2 Ke4 47. h3 Kf4 0-1

[Event "CN Seniori 2012"]
[Site "Sarata Monteoru/Romania"]
[Date "2012.02.20"]
[Round "10.49"]
[White "Vrencian, Lehel"]
[Black "David, Dorian-Ciprian"]
[Result "1-0"]
[WhiteElo "1874"]
[BlackElo "1726"]
[PlyCount "39"]
[EventDate "2012.??.??"]

1. e4 a6 2. Bc4 b5 3. Bxf7+ Kxf7 4. Qh5+ g6 5. Qd5+ e6 6. Qxa8 Nc6 7. Nf3 Bc5
8. d3 Nge7 9. Be3 Bb6 10. a4 Nb4 11. Na3 bxa4 12. O-O c5 13. c3 Nbc6 14. Nc4
Qc7 15. b4 Nb8 16. bxc5 Bxc5 17. Bxc5 Nbc6 18. Bb6 Qf4 19. Be3 Qf6 20. e5 1-0

[Event "CN Seniori 2012"]
[Site "Sarata Monteoru/Romania"]
[Date "2012.02.20"]
[Round "10.50"]
[White "Carapit, Vasile"]
[Black "Ionita, Ioan"]
[Result "1/2-1/2"]
[WhiteElo "1849"]
[BlackElo "1720"]
[PlyCount "85"]
[EventDate "2012.??.??"]

1. e4 c5 2. Nf3 d6 3. Bc4 Nf6 4. c3 Nc6 5. d3 e6 6. O-O Be7 7. Nbd2 a6 8. a4
O-O 9. h3 Qc7 10. Re1 b6 11. Nf1 d5 12. exd5 Nxd5 13. N1h2 Bb7 14. Ng4 Rad8 15.
Qe2 Nf4 16. Bxf4 Qxf4 17. g3 Qc7 18. Qe3 Rd7 19. Rad1 h5 20. Nh6+ Kh8 21. Nxf7+
Rxf7 22. Bxe6 Bf6 23. Bxf7 Rxf7 24. Qe8+ Kh7 25. Re4 Nd8 26. Rf4 Bc6 27. Qe2 g5
28. Nxg5+ Bxg5 29. Qxh5+ Bh6 30. Rg4 Qd6 31. Re4 Bxe4 32. dxe4 Qf6 33. f4 Rg7
34. Kh2 Nf7 35. Rd5 Kg8 36. e5 Qe6 37. Qf3 Qf5 38. Rd3 c4 39. Re3 Kh7 40. e6
Nd6 41. e7 Ne8 42. Re5 Qc2+ 43. Re2 1/2-1/2

[Event "CN Seniori 2012"]
[Site "Sarata Monteoru/Romania"]
[Date "2012.02.20"]
[Round "10.52"]
[White "Andrei, Gheorghe"]
[Black "Chivulescu, Adrian-Alexandru"]
[Result "1/2-1/2"]
[WhiteElo "1777"]
[BlackElo "1545"]
[PlyCount "99"]
[EventDate "2012.??.??"]

1. g3 d5 2. Bg2 e5 3. d3 c6 4. h3 Nf6 5. Bg5 h6 6. Bxf6 Qxf6 7. Nd2 Bd6 8. e4
d4 9. Ngf3 O-O 10. a4 Qe7 11. O-O Be6 12. b3 f6 13. Nh4 Qd7 14. Kh2 Kh7 15. Nc4
Na6 16. Qe2 Rad8 17. Nf5 Be7 18. Qd2 Kg8 19. g4 Nb8 20. Qe2 b5 21. axb5 cxb5
22. Nd2 a6 23. Nf3 Bxf5 24. gxf5 Rc8 25. Nh4 Bd6 26. Bf3 Rfd8 27. Rg1 Bf8 28.
Qd2 Kh7 29. Rg2 Rc7 30. Rag1 Qc8 31. Bd1 Qb7 32. Ng6 Qa7 33. f3 a5 34. f4 exf4
35. Nxf4 Bb4 36. Qf2 Bd6 37. Kh1 Bxf4 38. Qxf4 Nc6 39. Qg4 Ne5 40. Qf4 a4 41.
bxa4 bxa4 42. Bh5 Rdc8 43. Bg6+ Kh8 44. Bh5 Rxc2 45. Rxg7 Qxg7 46. Rxg7 Kxg7
47. Qg3+ Kf8 48. Qf4 Kg7 49. Qg3+ Kf8 50. Qf4 1/2-1/2

[Event "CN Seniori 2012"]
[Site "Sarata Monteoru"]
[Date "2012.02.20"]
[Round "10.55"]
[White "Mardan, Cristian"]
[Black "Moldoveanu, Paul"]
[Result "0-1"]
[WhiteElo "1556"]
[BlackElo "1859"]
[PlyCount "100"]
[EventDate "2012.02.13"]

1. e4 e5 2. Nf3 Nc6 3. Bc4 d6 4. Nc3 Be7 5. d3 Na5 6. Bb3 c6 7. Be3 Nxb3 8.
axb3 Bg4 9. h3 Bh5 10. d4 Bxf3 11. Qxf3 exd4 12. Bxd4 Bf6 13. Bxf6 Qxf6 14.
Qxf6 Nxf6 15. O-O O-O-O 16. Rad1 Rhe8 17. Rfe1 Kc7 18. f3 a5 19. Ra1 Ra8 20.
Kf2 b6 21. g3 Nd7 22. Re2 f6 23. Rd2 Nc5 24. Rad1 Nb7 25. Nb1 Re5 26. Rd3 Rae8
27. Nd2 b5 28. Nb1 f5 29. Nd2 Nc5 30. Rd4 fxe4 31. Nxe4 Nxe4+ 32. fxe4 R8e6 33.
Kf3 Rf6+ 34. Kg2 c5 35. R4d2 Rxe4 36. Ra1 Kb6 37. Rad1 Kc6 38. Ra1 a4 39. bxa4
Rxa4 40. Rxa4 bxa4 41. Re2 Rf7 42. Re4 Ra7 43. Re3 Rb7 44. b3 a3 45. Re1 Ra7
46. Ra1 Kd5 47. Rd1+ Ke5 48. Re1+ Kd4 49. Ra1 a2 50. Kf3 Kc3 0-1

[Event "CN Seniori 2012"]
[Site "Sarata Monteoru/Romania"]
[Date "2012.02.20"]
[Round "10.56"]
[White "Nistor, Stefan"]
[Black "David, Bogdan-Emanuel"]
[Result "1-0"]
[WhiteElo "1707"]
[BlackElo "1667"]
[PlyCount "111"]
[EventDate "2012.??.??"]

1. d4 Nf6 2. c4 g6 3. Nc3 Bg7 4. e4 d6 5. f3 O-O 6. Be3 Nc6 7. Qd2 e5 8. Nge2
Nd7 9. O-O-O Nb6 10. b3 a5 11. d5 Ne7 12. g4 Bd7 13. Ng3 Nec8 14. h4 c5 15. a4
f6 16. g5 f5 17. exf5 gxf5 18. Nh5 f4 19. Bf2 Bh8 20. Rg1 Qe8 21. Nf6+ Bxf6 22.
gxf6+ Kh8 23. Ne4 Bf5 24. Bd3 Bxe4 25. Bxe4 Rxf6 26. Rg5 Ne7 27. Rdg1 Nd7 28.
h5 Rh6 29. Bh4 Nf6 30. Rg7 Qf8 31. Bxf6 Qxf6 32. Qg2 b6 33. Qg4 Rb8 34. Qd7 Ng6
35. Rf7 Qd8 36. Qxd8+ Rxd8 37. hxg6 hxg6 38. Rf6 Rg8 39. Rxd6 Rb8 40. Rgxg6
Rh1+ 41. Kd2 Rh2+ 42. Kc3 b5 43. cxb5 Re2 44. Kc4 Re3 45. Rde6 Rf8 46. Ref6 Re8
47. Rh6+ Kg8 48. Rfg6+ Kf7 49. Rh7+ Kf8 50. Rh8+ Kf7 51. Rxe8 Kxe8 52. Re6+ Kd7
53. Rxe5 Kd6 54. Re6+ Kc7 55. Rc6+ Kd7 56. Rxc5 1-0

[Event "CN Seniori 2012"]
[Site "Sarata Monteoru/Romania"]
[Date "2012.02.20"]
[Round "10.60"]
[White "Balea, Dumitru-Lucian"]
[Black "Soare, Cristel"]
[Result "1-0"]
[WhiteElo "1490"]
[BlackElo "1519"]
[PlyCount "95"]
[EventDate "2012.??.??"]

1. d4 d5 2. Nf3 Nf6 3. Bg5 Ne4 4. Bf4 Nf6 5. e3 Nh5 6. Bg3 Nxg3 7. hxg3 Bg4 8.
Be2 h5 9. c4 dxc4 10. Bxc4 e6 11. a3 c5 12. Be2 Nc6 13. dxc5 Qxd1+ 14. Bxd1
Bxc5 15. Nc3 O-O 16. Ng5 Bxd1 17. Rxd1 g6 18. Nge4 Be7 19. O-O f5 20. Nd6 Bxd6
21. Rxd6 Rfe8 22. Rd7 b6 23. Rfd1 Rad8 24. Nb5 a6 25. Nc7 Rxd7 26. Rxd7 Re7 27.
Rxe7 Nxe7 28. Nxa6 Nd5 29. Kf1 Kf8 30. Ke2 Ke7 31. Kd3 Kd7 32. Kc4 Kc6 33. Nb4+
Nxb4 34. Kxb4 g5 35. Kc4 e5 36. Kd3 Kd5 37. b3 b5 38. Kc3 Kc5 39. b4+ Kd5 40.
Kb3 Kc6 41. a4 bxa4+ 42. Kxa4 Kb6 43. b5 Kb7 44. Kb4 Kb6 45. Kc4 g4 46. Kd5 e4
47. Ke5 Kxb5 48. Kxf5 1-0

[Event "CN Seniori 2012"]
[Site "Sarata Monteoru/Romania"]
[Date "2012.02.21"]
[Round "11.1"]
[White "Manolache, Marius"]
[Black "Vajda, Levente"]
[Result "1/2-1/2"]
[WhiteElo "2552"]
[BlackElo "2594"]
[Annotator "Robot 4"]
[PlyCount "75"]
[EventDate "2012.??.??"]
[TimeControl "40/5400+30:900+30"]

1. d4 Nf6 2. c4 c5 3. d5 b5 4. cxb5 a6 5. b6 d6 6. Nc3 Nbd7 7. e4 Nxb6 8. Be2
e6 9. dxe6 Bxe6 10. Nf3 Be7 11. O-O O-O 12. Qc2 h6 13. Rd1 Qc8 14. Bd2 Re8 15.
Re1 d5 16. exd5 Nbxd5 17. Nxd5 Nxd5 18. Bc4 Bf6 19. Rac1 Qb7 20. Qb3 Qxb3 21.
Bxb3 Rac8 22. Rc2 Nb6 23. Bxe6 Rxe6 24. Rxe6 fxe6 25. Kf1 Kf7 26. Ke2 Nd5 27.
b3 Ke7 28. Rc4 Nb6 29. Re4 Kd6 30. Ba5 Kd5 31. Nd2 Nd7 32. Ra4 Bd4 33. Nc4 e5
34. Bd2 Rc6 35. Ne3+ Ke6 36. Nc4 Kd5 37. Ne3+ Ke6 38. Nc4 1/2-1/2

[Event "CN Seniori 2012"]
[Site "Sarata Monteoru/Romania"]
[Date "2012.02.21"]
[Round "11.2"]
[White "Nevednichy, Vladislav"]
[Black "Anton, Teodor"]
[Result "1-0"]
[WhiteElo "2546"]
[BlackElo "2393"]
[Annotator "Robot 4"]
[PlyCount "99"]
[EventDate "2012.??.??"]
[TimeControl "40/5400+30:900+30"]

1. e4 e5 2. Nf3 Nc6 3. Bc4 Bc5 4. d3 Nf6 5. Bb3 a6 6. h3 Ba7 7. O-O O-O 8. c3
d5 9. Qe2 dxe4 10. dxe4 Qe7 11. Re1 Be6 12. Bc2 Rad8 13. Nbd2 Nh5 14. Nf1 Nf4
15. Bxf4 exf4 16. e5 Bd5 17. N1h2 g6 18. Bb3 Bxb3 19. axb3 Qe6 20. b4 f6 21.
Ng4 fxe5 22. b5 axb5 23. Qxb5 Bb6 24. Ng5 Qd5 25. Qxd5+ Rxd5 26. Ne6 h5 27.
Nh6+ Kh7 28. Nxf8+ Kxh6 29. Rad1 Rb5 30. b4 Kg7 31. Nd7 Ba7 32. Kf1 g5 33. Ra1
g4 34. hxg4 hxg4 35. Re4 Kg6 36. Nxe5+ Nxe5 37. Rxa7 Kf5 38. Re1 c5 39. Ra5
Rxa5 40. bxa5 Nc4 41. Ke2 Nxa5 42. Rb1 Ke4 43. f3+ gxf3+ 44. gxf3+ Kd5 45. Rb5
Nc6 46. Rxb7 Kc4 47. Rc7 Ne5 48. Re7 Kd5 49. Re8 Ng6 50. Re4 1-0

[Event "CN Seniori 2012"]
[Site "Sarata Monteoru/Romania"]
[Date "2012.02.21"]
[Round "11.3"]
[White "Berescu, Alin-Mile"]
[Black "Filip, Lucian"]
[Result "1/2-1/2"]
[WhiteElo "2488"]
[BlackElo "2490"]
[Annotator "Robot 4"]
[PlyCount "125"]
[EventDate "2012.??.??"]
[TimeControl "40/5400+30:900+30"]

1. c4 Nf6 2. g3 c5 3. Bg2 e6 4. Nf3 a6 5. O-O Be7 6. d4 cxd4 7. Nxd4 O-O 8. b3
Qc7 9. Bb2 Nc6 10. Nc3 Rb8 11. Rc1 Nxd4 12. Qxd4 d6 13. Rfd1 b6 14. a4 Rd8 15.
Ba3 Bb7 16. e4 Ba8 17. h3 h6 18. Kh2 Ne8 19. Qe3 Nf6 20. Qd4 Ne8 21. Qd2 Nf6
22. f4 Rbc8 23. Bb4 Rb8 24. Qa2 Nd7 25. a5 Rdc8 26. e5 Nc5 27. Bxa8 Rxa8 28.
exd6 Bxd6 29. axb6 Qxb6 30. Ba3 Nxb3 31. Rb1 Bxa3 32. Na4 Qb4 33. Qxb3 Qxc4 34.
Rd8+ Kh7 35. Qxc4 Rxc4 36. Rxa8 Rxa4 37. Ra1 g5 38. fxg5 hxg5 39. Kg2 Ra5 40.
Rb8 Kg6 41. g4 Bb4 42. Rxa5 Bxa5 43. Ra8 Bd2 44. Rxa6 Kf6 45. Ra7 Kg6 46. Rd7
Bc1 47. Kf3 Bb2 48. Rb7 Bc3 49. Ke4 Ba1 50. Kd3 Be5 51. Rb5 Kf6 52. Kc4 Bf4 53.
Rb7 Kg7 54. Kc5 Kf8 55. Kc6 Ke8 56. Ra7 Be5 57. Ra4 Ke7 58. Re4 Bb2 59. Re2 Bc1
60. Re1 Bd2 61. Re4 Bc1 62. Ra4 Be3 63. Re4 1/2-1/2

[Event "CN Seniori 2012"]
[Site "Sarata Monteoru/Romania"]
[Date "2012.02.21"]
[Round "11.4"]
[White "Doros, Radu-Marian"]
[Black "Miron, Lucian-Costin"]
[Result "1/2-1/2"]
[WhiteElo "2338"]
[BlackElo "2525"]
[Annotator "Robot 4"]
[PlyCount "98"]
[EventDate "2012.??.??"]
[TimeControl "40/5400+30:900+30"]

1. d4 d5 2. c4 e6 3. Nc3 Nf6 4. cxd5 exd5 5. Bg5 Nbd7 6. e3 c6 7. Bd3 Bd6 8.
Qc2 Nf8 9. Nf3 Ng6 10. h4 h6 11. Bxg6 hxg5 12. Nxg5 fxg6 13. Qxg6+ Kd7 14. Nf7
Qf8 15. Nxh8 Qxh8 16. h5 Qh6 17. Qxh6 gxh6 18. Ne2 b6 19. f3 c5 20. g4 Ba6 21.
Rd1 Re8 22. Kf2 Rf8 23. Nf4 Kc6 24. Rhg1 Re8 25. Rge1 cxd4 26. Rxd4 Be5 27. Rd2
d4 28. Rxd4 Bxd4 29. exd4 Rxe1 30. Kxe1 Bc4 31. a3 Kd6 32. Kd2 a5 33. Ng6 Bd5
34. Ke3 Ba2 35. Ne5 Nd5+ 36. Kd3 Ke6 37. Ng6 b5 38. Ne5 Bb1+ 39. Kd2 Nb6 40.
Nc6 a4 41. Na7 Nc4+ 42. Kc3 Nd6 43. Nc6 Ba2 44. Ne5 Bb3 45. f4 Bd1 46. Kd2 Bb3
47. Kc3 Bd1 48. Kd2 Bb3 49. Kc3 Bd1 1/2-1/2

[Event "CN Seniori 2012"]
[Site "Sarata Monteoru/Romania"]
[Date "2012.02.21"]
[Round "11.5"]
[White "Cioara, Andrei-Nestor"]
[Black "Balla, Tamas-Kristof"]
[Result "1-0"]
[WhiteElo "2456"]
[BlackElo "2377"]
[Annotator "Robot 4"]
[PlyCount "91"]
[EventDate "2012.??.??"]
[TimeControl "40/5400+30:900+30"]

1. d4 g6 2. Nf3 Bg7 3. g3 Nf6 4. Bg2 O-O 5. O-O d6 6. c4 Nc6 7. Nc3 a6 8. h3
Bd7 9. e4 e5 10. dxe5 Nxe5 11. c5 Nxf3+ 12. Qxf3 Bc6 13. cxd6 Qxd6 14. Bf4 Qe7
15. Nd5 Qd7 16. Rac1 Rac8 17. Rfd1 Qe6 18. Bg5 Bxd5 19. exd5 Qd6 20. Qb3 Qb6
21. Qxb6 cxb6 22. Rxc8 Rxc8 23. d6 Rb8 24. d7 Rd8 25. Bxf6 Bxf6 26. Bxb7 Bxb2
27. Bxa6 Kf8 28. Bb5 Ke7 29. f4 h6 30. Kf2 Ba3 31. Kf3 Ke6 32. Rd3 Be7 33. a4
Ra8 34. Rc3 Rd8 35. Rc6+ Kxd7 36. Rxg6+ Kc7 37. Rc6+ Kb7 38. Rxh6 Kc7 39. Rh7
Rf8 40. Bc4 Kd6 41. Rxf7 Rc8 42. Bb5 Rc3+ 43. Kg4 Ke6 44. Rg7 Kf6 45. Rh7 Bc5
46. Rd7 1-0

[Event "CN Seniori 2012"]
[Site "Sarata Monteoru/Romania"]
[Date "2012.02.21"]
[Round "11.6"]
[White "Lupulescu, Constantin"]
[Black "Miroiu, George-Catalin"]
[Result "1-0"]
[WhiteElo "2648"]
[BlackElo "2342"]
[Annotator "Robot 4"]
[PlyCount "79"]
[EventDate "2012.??.??"]
[TimeControl "40/5400+30:900+30"]

1. c4 Nf6 2. Nc3 c6 3. e4 e5 4. Nf3 d6 5. d4 Nbd7 6. Be2 Be7 7. O-O O-O 8. Re1
a6 9. Bf1 Qc7 10. Qc2 Re8 11. h3 b5 12. cxb5 cxb5 13. a3 exd4 14. Nxd4 Bb7 15.
Bf4 Bf8 16. f3 Ne5 17. Rac1 Rac8 18. Qf2 Qb8 19. Nf5 Nh5 20. Bh2 Nf6 21. Kh1
Kh8 22. Rcd1 Qc7 23. Rd2 Rcd8 24. Red1 Bc8 25. Ne3 Be6 26. a4 bxa4 27. Nxa4 Bb3
28. Ra1 Qc6 29. Nc3 Ra8 30. Nf5 d5 31. Nd4 Qb6 32. Nxb3 Qxb3 33. Nxd5 Nxd5 34.
Rxd5 Nc4 35. Rd3 Qb7 36. Qc2 Ne5 37. Rb3 Bb4 38. Bxe5 Rxe5 39. Rxa6 Rxa6 40.
Rxb4 1-0

[Event "CN Seniori 2012"]
[Site "Sarata Monteoru/Romania"]
[Date "2012.02.21"]
[Round "11.7"]
[White "Stanciu, Alexandru-Ovidiu"]
[Black "Szabo, Gergely-Andras-Gyul"]
[Result "0-1"]
[WhiteElo "2314"]
[BlackElo "2554"]
[Annotator "Robot 4"]
[PlyCount "84"]
[EventDate "2012.??.??"]
[TimeControl "40/5400+30:900+30"]

1. e4 e5 2. Nf3 Nc6 3. Bc4 Bc5 4. d3 Nf6 5. Bb3 O-O 6. h3 d5 7. exd5 Nxd5 8.
O-O Nf6 9. Nc3 h6 10. Re1 Re8 11. Be3 Bb4 12. a3 Bxc3 13. bxc3 Be6 14. Ba4 Qd6
15. d4 Red8 16. Qe2 e4 17. Nd2 Ne7 18. c4 Nf5 19. c5 Qe7 20. c3 Nd5 21. Rac1 c6
22. Nxe4 Nfxe3 23. fxe3 Bxh3 24. Nd6 Be6 25. e4 Nf4 26. Qf3 Ng6 27. Rf1 Rab8
28. Rce1 b6 29. Nf5 Qg5 30. Bxc6 bxc5 31. d5 Ne5 32. Qf2 Bxf5 33. Qxf5 Qg3 34.
Re2 Qxc3 35. Ref2 Rd6 36. Qh5 Rf8 37. Rf5 Qe3+ 38. R5f2 Nxc6 39. dxc6 Rxc6 40.
Kh1 Qg5 41. Qe2 c4 42. Rf5 Qe7 0-1

[Event "CN Seniori 2012"]
[Site "Sarata Monteoru/Romania"]
[Date "2012.02.21"]
[Round "11.8"]
[White "Jianu, Vlad-Cristian"]
[Black "Florescu, Codrut-Constantin"]
[Result "0-1"]
[WhiteElo "2508"]
[BlackElo "2282"]
[Annotator "Robot 4"]
[PlyCount "78"]
[EventDate "2012.??.??"]
[TimeControl "40/5400+30:900+30"]

1. d4 Nf6 2. c4 e6 3. Nf3 b6 4. Nc3 Bb7 5. Bg5 Bb4 6. Nd2 Bxc3 7. bxc3 d6 8. f3
Nbd7 9. e3 Qe7 10. Bd3 e5 11. Qe2 h6 12. Bh4 g5 13. Bf2 e4 14. Bc2 exf3 15.
gxf3 O-O-O 16. O-O-O d5 17. Kb2 Ba6 18. Bd3 Kb8 19. Rhe1 Rhe8 20. e4 Nh5 21.
Be3 dxc4 22. Nxc4 Bb7 23. Qc2 Qf6 24. Nd2 Nf4 25. Bc4 Ng2 26. e5 Nxe1 27. Rxe1
Nxe5 28. dxe5 Rxe5 29. Bf2 Rxe1 30. Bxe1 Qf4 31. Bb3 Qxh2 32. Bxf7 Qe2 33. Qc1
Bxf3 34. Bg6 Rd6 35. Bc2 Bc6 36. Nb3 Be4 37. Nd4 Rxd4 38. cxd4 Bxc2 39. Bg3
Bb1+ 0-1

[Event "CN Seniori 2012"]
[Site "Sarata Monteoru/Romania"]
[Date "2012.02.21"]
[Round "11.9"]
[White "Stegariu, Vlad-Ionut"]
[Black "Dumitrache, Dragos-Nicolae"]
[Result "0-1"]
[WhiteElo "2202"]
[BlackElo "2460"]
[Annotator "Robot 4"]
[PlyCount "86"]
[EventDate "2012.??.??"]
[TimeControl "40/5400+30:900+30"]

1. d4 Nf6 2. c4 c5 3. d5 b5 4. cxb5 a6 5. b6 d6 6. Nc3 Nbd7 7. a4 Qxb6 8. a5
Qb4 9. Ra4 Qb7 10. Nf3 g6 11. e4 Bg7 12. Be2 O-O 13. O-O Ne8 14. Ra3 Nc7 15.
Rb3 Qa7 16. Be3 Rb8 17. Nd2 Nb5 18. Nxb5 axb5 19. Bxb5 Qxa5 20. Be2 Ba6 21.
Bxa6 Qxa6 22. Rxb8 Rxb8 23. b3 Ne5 24. h3 Qd3 25. Qb1 f5 26. Bg5 Kf8 27. Qa2 h6
28. Qa7 Re8 29. Bf4 Nf7 30. exf5 Qxf5 31. Bg3 Qxd5 32. Nc4 Qa8 33. Qd7 Qc8 34.
Qa7 Qa8 35. Qd7 Qe4 36. f3 Bd4+ 37. Kh1 Qf5 38. Qb7 Ne5 39. Bxe5 Bxe5 40. b4
Qd3 41. Nxe5 Qxf1+ 42. Kh2 dxe5 43. Qe4 Qa6 0-1

[Event "CN Seniori 2012"]
[Site "Sarata Monteoru/Romania"]
[Date "2012.02.21"]
[Round "11.10"]
[White "Manea, Alexandru"]
[Black "Pop, Alexandru"]
[Result "0-1"]
[WhiteElo "2429"]
[BlackElo "2254"]
[Annotator "Robot 4"]
[PlyCount "101"]
[EventDate "2012.??.??"]
[TimeControl "40/5400+30:900+30"]

1. Nf3 c5 2. c4 g6 3. d4 cxd4 4. Nxd4 Bg7 5. Nc3 Nc6 6. Nc2 Bxc3+ 7. bxc3 Qa5
8. Qd2 Nf6 9. f3 d6 10. e4 Be6 11. Nb4 Ne5 12. Nd5 Bxd5 13. cxd5 Rc8 14. Rb1
Qxc3 15. Qxc3 Rxc3 16. Bh6 Rc7 17. Be2 Ned7 18. Kd2 Nc5 19. Rhc1 Kd7 20. g3 Kc8
21. Rb4 Kb8 22. a4 Rhc8 23. Rcb1 a5 24. Rd4 Ncd7 25. Kd1 Ne5 26. Bd2 Rc5 27.
Ke1 Nfd7 28. Kf2 Nc4 29. Bc1 Ndb6 30. Bd1 f5 31. Bg5 fxe4 32. fxe4 e6 33. Kg2
exd5 34. exd5 Rxd5 35. Rxd5 Nxd5 36. Bf3 Ndb6 37. Bf4 Ka7 38. h4 d5 39. Re1 Rd8
40. Bg5 Rd7 41. Bg4 Rf7 42. Re8 d4 43. Be6 Rc7 44. Rd8 Nxa4 45. Rxd4 Nab6 46.
Bd8 Rc6 47. Bg8 a4 48. Bxh7 a3 49. Bxb6+ Kxb6 50. Re4 a2 51. Re1 0-1

[Event "CN Seniori 2012"]
[Site "Sarata Monteoru/Romania"]
[Date "2012.02.21"]
[Round "11.11"]
[White "Martian, Dragos-Daniel"]
[Black "Georgescu, Tiberiu-Marian"]
[Result "0-1"]
[WhiteElo "2074"]
[BlackElo "2415"]
[PlyCount "48"]
[EventDate "2012.??.??"]

1. e4 c6 2. d4 d5 3. exd5 cxd5 4. c4 Nf6 5. Nc3 Nc6 6. Bg5 Be6 7. c5 g6 8. Bb5
Bg7 9. Nf3 O-O 10. O-O Ne4 11. Be3 Bg4 12. Qb3 Bxf3 13. gxf3 Nf6 14. Rad1 e6
15. Bf4 Nh5 16. Be3 Qh4 17. Ne2 Qh3 18. Bxc6 bxc6 19. Ng3 Rab8 20. Qa3 e5 21.
Kh1 Rfe8 22. Rde1 exd4 23. Bc1 Nxg3+ 24. fxg3 Re2 0-1

[Event "CN Seniori 2012"]
[Site "Sarata Monteoru/Romania"]
[Date "2012.02.21"]
[Round "11.12"]
[White "Dragomirescu, Robin-Alexandru"]
[Black "Daianu, Cristian-Clement"]
[Result "1-0"]
[WhiteElo "2340"]
[BlackElo "2242"]
[Annotator "Robot 4"]
[PlyCount "57"]
[EventDate "2012.??.??"]
[TimeControl "40/5400+30:900+30"]

1. e4 c5 2. Nf3 d6 3. d4 cxd4 4. Nxd4 Nf6 5. Nc3 a6 6. Be3 e6 7. f3 b5 8. g4
Nfd7 9. Qd2 Bb7 10. O-O-O Nb6 11. Bd3 N8d7 12. Kb1 Ne5 13. Qe1 Nbc4 14. Bc1 Qb6
15. Bxc4 Nxc4 16. g5 g6 17. h4 Bg7 18. Nce2 h5 19. gxh6 Bxh6 20. h5 Bxc1 21.
hxg6 Rxh1 22. Qxh1 O-O-O 23. Nxc1 e5 24. gxf7 Rf8 25. Nf5 Rxf7 26. b3 d5 27.
bxc4 bxc4+ 28. Ka1 Kb8 29. Qh8+ 1-0